[Event "European Team-ch 2007"]
[Site "Crete GRE"]
[Date "2007.10.31"]
[Round "4.2"]
[White "Gashimov, Vugar"]
[Black "Stellwagen, Daniel"]
[Result "1/2-1/2"]
[WhiteElo "2663"]
[BlackElo "2639"]
[PlyCount "180"]
[EventDate "2007.10.28"]
[EventType "team"]
[EventRounds "9"]
[EventCountry "GRE"]
[Source "lmi"]
[SourceDate "2007.10.28"]
[WhiteTeam "Azerbaijan"]
[BlackTeam "Netherlands"]
[WhiteTeamCountry "AZE"]
[BlackTeamCountry "NED"]

1. c4 Nf6 2. Nc3 e5 3. Nf3 Nc6 4. g3 Bb4 5. Bg2 O-O 6. O-O Bxc3 7. bxc3 d6 8.
d3 a6 9. Rb1 Rb8 10. Nh4 Bd7 11. a4 e4 12. dxe4 Re8 13. Qc2 b6 14. Bg5 h6 15.
Bxf6 Qxf6 16. Nf5 Re5 17. Ne3 Rc5 18. f4 Na5 19. Rb4 Be6 20. Qd3 b5 21. axb5
axb5 22. Rxb5 Rbxb5 23. cxb5 Qxc3 24. Qxc3 Rxc3 25. Kf2 Nc4 26. Nxc4 Bxc4 27.
Rb1 Rb3 28. Rxb3 Bxb3 29. Bh3 Bc4 30. Bd7 Kf8 31. Bc6 Ke7 32. Ke3 f6 33. Kd2
Kd8 34. e3 Ke7 35. Kc3 Bf1 36. Kd4 Bg2 37. Bd5 Bf1 38. Bc4 Bg2 39. Be2 Ke6 40.
Bg4+ Ke7 41. Kd5 Bf1 42. Kc6 Bd3 43. Bf5 Bc4 44. Bh7 Bd3 45. h4 Bc4 46. Bg8 Bd3
47. Bd5 g5 48. Bg8 Kd8 49. Bd5 Ke7 50. Bb3 Kd8 51. Kd5 gxh4 52. gxh4 Ke7 53.
Bc4 Bc2 54. e5 dxe5 55. fxe5 fxe5 56. Kxe5 Bg6 57. Bd5 Be8 58. Bc6 Bg6 59. e4
Bf7 60. Bd5 Be8 61. Bc4 Bd7 62. Be2 Be6 63. Bf1 Bg4 64. Kd5 Bd7 65. Kc5 Kf6 66.
Kd4 Ke7 67. e5 Be8 68. Ke4 Bd7 69. Kf4 Be6 70. Be2 Bd7 71. Bd3 Be6 72. Ke4 Bd7
73. Kd5 Be8 74. Bc4 Bd7 75. Kc5 Be8 76. e6 Bg6 77. Kd5 Be8 78. Ke5 Bg6 79. Be2
Bc2 80. Kd5 Bg6 81. h5 Bc2 82. Kc6 Ba4 83. Bc4 Kd8 84. Ba2 Ke7 85. Bd5 Kd8 86.
Bc4 Ke7 87. Kc5 Bd1 88. Kc6 Ba4 89. Kxc7 Bxb5 90. Bxb5 Kxe6 1/2-1/2

[Event "European Team-ch 2007"]
[Site "Crete GRE"]
[Date "2007.10.31"]
[Round "4.2"]
[White "Van Den Doel, Erik"]
[Black "Guseinov, Gadir"]
[Result "0-1"]
[WhiteElo "2593"]
[BlackElo "2614"]
[PlyCount "72"]
[EventDate "2007.10.28"]
[EventType "team"]
[EventRounds "9"]
[EventCountry "GRE"]
[Source "lmi"]
[SourceDate "2007.10.28"]
[WhiteTeam "Netherlands"]
[BlackTeam "Azerbaijan"]
[WhiteTeamCountry "NED"]
[BlackTeamCountry "AZE"]

1. e4 c5 2. Nf3 g6 3. d4 cxd4 4. Nxd4 Nf6 5. Nc3 d6 6. Be3 Bg7 7. f3 Nc6 8. Qd2
O-O 9. O-O-O d5 10. exd5 Nxd5 11. Nxc6 bxc6 12. Bd4 Bxd4 13. Qxd4 Qc7 14. h4 e5
15. Qc5 Qb6 16. Na4 Qxc5 17. Nxc5 Rb8 18. a3 h5 19. c4 Ne3 20. Re1 Nf5 21. Rxe5
Ng3 22. Rg1 Bf5 23. Bd3 Bxd3 24. Nxd3 Rfd8 25. Nb4 Rd4 26. b3 Rxh4 27. Kd2 Rc8
28. Rc5 Rd4+ 29. Kc2 Rcd8 30. Rxc6 Rd2+ 31. Kb1 Ne2 32. Rh1 Nc3+ 33. Kc1 Rxg2
34. Rc5 Ne2+ 35. Kb1 Rd2 36. Nd5 Nd4 0-1

[Event "European Team-ch 2007"]
[Site "Crete GRE"]
[Date "2007.10.31"]
[Round "4.2"]
[White "Mamedov, Rauf"]
[Black "L'ami, Erwin"]
[Result "1/2-1/2"]
[WhiteElo "2582"]
[BlackElo "2577"]
[PlyCount "63"]
[EventDate "2007.10.28"]
[EventType "team"]
[EventRounds "9"]
[EventCountry "GRE"]
[Source "lmi"]
[SourceDate "2007.10.28"]
[WhiteTeam "Azerbaijan"]
[BlackTeam "Netherlands"]
[WhiteTeamCountry "AZE"]
[BlackTeamCountry "NED"]

1. c4 e5 2. Nc3 Nf6 3. g3 d5 4. cxd5 Nxd5 5. Bg2 Nb6 6. Nf3 Nc6 7. O-O Be7 8.
d3 O-O 9. a3 a5 10. Be3 Be6 11. Rc1 Nd5 12. Nxd5 Bxd5 13. Qa4 Bd6 14. Nd2 Bxg2
15. Kxg2 Kh8 16. Qb5 Qb8 17. Nc4 f5 18. f3 Re8 19. Bf2 a4 20. e4 Rf8 21. Rce1
Qc8 22. Bg1 Rf6 23. f4 fxe4 24. fxe5 Bxe5 25. Nxe5 Ra5 26. Qc4 Rxe5 27. Rxf6
gxf6 28. dxe4 Qd7 29. Rf1 b5 30. Qc2 Re6 31. Qc5 Kg7 32. Qf5 1/2-1/2

[Event "European Team-ch 2007"]
[Site "Crete GRE"]
[Date "2007.10.31"]
[Round "4.3"]
[White "Almasi, Zoltan"]
[Black "Avrukh, Boris"]
[Result "1-0"]
[WhiteElo "2691"]
[BlackElo "2641"]
[PlyCount "157"]
[EventDate "2007.10.28"]
[EventType "team"]
[EventRounds "9"]
[EventCountry "GRE"]
[Source "lmi"]
[SourceDate "2007.10.28"]
[WhiteTeam "Hungary"]
[BlackTeam "Israel"]
[WhiteTeamCountry "HUN"]
[BlackTeamCountry "ISR"]

1. e4 e5 2. Nf3 Nc6 3. Bb5 a6 4. Ba4 Nf6 5. O-O Be7 6. d3 b5 7. Bb3 d6 8. a4
Bd7 9. Nbd2 O-O 10. Re1 Na5 11. Ba2 c5 12. c3 Qc7 13. axb5 axb5 14. Nf1 c4 15.
Bg5 Be6 16. Ne3 Ng4 17. h3 Nxe3 18. Bxe3 Nb7 19. dxc4 bxc4 20. Qc2 Ra6 21. b4
Rfa8 22. Reb1 Ra3 23. Rb2 Qd7 24. Rc1 Qb5 25. Bb1 h6 26. Ra2 Rxa2 27. Bxa2 Nd8
28. Rb1 Nc6 29. Rb2 Na7 30. Bb1 Qb7 31. Bxa7 Rxa7 32. Ra2 Rxa2 33. Qxa2 d5 34.
exd5 Qxd5 35. Qe2 Bd6 36. Nd2 Qc6 37. Ba2 Qa4 38. Ne4 Be7 39. Bxc4 Bf5 40. Kh2
Bg6 41. Bd5 Kh7 42. Ng3 Qd7 43. Qc4 Bd8 44. Be4 f5 45. Bd5 e4 46. Bg8+ Kh8 47.
Be6 Qd6 48. Bf7 Bh7 49. Qe6 Qxe6 50. Bxe6 f4 51. Ne2 g5 52. c4 Kg7 53. Nd4 Kf6
54. Bg4 Bg8 55. c5 Bd5 56. Bd7 Bc7 57. Kg1 Be5 58. Nf5 e3 59. fxe3 fxe3 60.
Nxe3 Bd4 61. Kf2 Ke7 62. Bg4 Bxg2 63. Ke2 Be4 64. Bf5 Bc6 65. Kd3 Be5 66. Kc4
Bf3 67. b5 h5 68. b6 Kf6 69. Bd7 Be2+ 70. Kb4 Ke7 71. c6 Kd8 72. Kc5 Bf3 73.
Bf5 Bg3 74. Nd5 Bf2+ 75. Kb5 Be2+ 76. Ka5 Be1+ 77. Nb4 Bg3 78. c7+ Bxc7 79.
Nc6+ 1-0

[Event "European Team-ch 2007"]
[Site "Crete GRE"]
[Date "2007.10.31"]
[Round "4.3"]
[White "Roiz, Michael"]
[Black "Balogh, Csaba"]
[Result "1-0"]
[WhiteElo "2644"]
[BlackElo "2561"]
[PlyCount "47"]
[EventDate "2007.10.28"]
[EventType "team"]
[EventRounds "9"]
[EventCountry "GRE"]
[Source "lmi"]
[SourceDate "2007.10.28"]
[WhiteTeam "Israel"]
[BlackTeam "Hungary"]
[WhiteTeamCountry "ISR"]
[BlackTeamCountry "HUN"]

1. Nf3 Nf6 2. g3 d5 3. Bg2 e6 4. O-O Nbd7 5. d3 b6 6. c4 Bb7 7. cxd5 exd5 8.
Nc3 Be7 9. e4 dxe4 10. dxe4 Nc5 11. Nd4 O-O 12. e5 Bxg2 13. Kxg2 Nd5 14. Nc6
Nxc3 15. bxc3 Qe8 16. Qd5 Kh8 17. Ba3 f5 18. f4 Rg8 19. Rad1 Bf8 20. Nd8 Rxd8
21. Qxd8 Qa4 22. Bxc5 Bxc5 23. Qd2 Qe4+ 24. Rf3 1-0

[Event "European Team-ch 2007"]
[Site "Crete GRE"]
[Date "2007.10.31"]
[Round "4.4"]
[White "Georgiev, Vladimir"]
[Black "Ivanchuk, Vassily"]
[Result "0-1"]
[WhiteElo "2576"]
[BlackElo "2787"]
[PlyCount "150"]
[EventDate "2007.10.28"]
[EventType "team"]
[EventRounds "9"]
[EventCountry "GRE"]
[Source "lmi"]
[SourceDate "2007.10.28"]
[WhiteTeam "Former Yugoslav Republic of Macedonia"]
[BlackTeam "Ukraine"]
[WhiteTeamCountry "FRM"]
[BlackTeamCountry "UKR"]

1. d4 Nf6 2. c4 e6 3. g3 d5 4. Nf3 dxc4 5. Bg2 c5 6. O-O Nc6 7. Ne5 Bd7 8. Na3
cxd4 9. Naxc4 Rc8 10. Qb3 Nxe5 11. Nxe5 Bc6 12. Nxc6 bxc6 13. Rd1 c5 14. e3 Bd6
15. exd4 c4 16. Qc2 O-O 17. Bg5 h6 18. Bxf6 Qxf6 19. Qa4 Rc7 20. Rac1 Rb8 21.
Rc2 Qd8 22. a3 Rb6 23. Rdd2 Rxb2 24. Rxb2 c3 25. Be4 g6 26. Qb3 Qg5 27. Rdc2
cxb2 28. Rxc7 Bxc7 29. Qxb2 Bb6 30. d5 exd5 31. Bd3 h5 32. Kg2 h4 33. Qe2 Qf6
34. a4 h3+ 35. Kxh3 Bxf2 36. Kg2 Bb6 37. Bc2 Qb2 38. Qd3 Kg7 39. h4 Be3 40. Kh3
Qe5 41. Bd1 d4 42. Kg2 Qd5+ 43. Kh2 Kf8 44. Be2 Qc6 45. a5 Qf6 46. Qe4 Qf2+ 47.
Qg2 Qf5 48. a6 d3 49. Bd1 Qb5 50. Qb7 Bb6 51. Qc8+ Kg7 52. Qc3+ Kg8 53. Qc8+
Kh7 54. h5 gxh5 55. Bf3 Kg7 56. Qc3+ f6 57. Be4 Qxa6 58. Qxd3 Qxd3 59. Bxd3 a5
60. Bc2 Kh6 61. Kg2 Kg5 62. Kf3 Bc7 63. Ba4 Bd6 64. Bb5 Bb4 65. Be8 Be1 66. Bd7
f5 67. Ba4 h4 68. gxh4+ Bxh4 69. Bb3 Be1 70. Bc2 Bb4 71. Ba4 Bc5 72. Bb5 Kf6
73. Ke2 Ke5 74. Kd3 f4 75. Kc4 Kd6 0-1

[Event "European Team-ch 2007"]
[Site "Crete GRE"]
[Date "2007.10.31"]
[Round "4.4"]
[White "Volokitin, Andrei"]
[Black "Mitkov, Nikola"]
[Result "1-0"]
[WhiteElo "2678"]
[BlackElo "2528"]
[PlyCount "131"]
[EventDate "2007.10.28"]
[EventType "team"]
[EventRounds "9"]
[EventCountry "GRE"]
[Source "lmi"]
[SourceDate "2007.10.28"]
[WhiteTeam "Ukraine"]
[BlackTeam "Former Yugoslav Republic of Macedonia"]
[WhiteTeamCountry "UKR"]
[BlackTeamCountry "FRM"]

1. e4 e5 2. Nf3 Nc6 3. Bb5 Nf6 4. O-O Nxe4 5. d4 Nd6 6. Bxc6 dxc6 7. dxe5 Nf5
8. Qxd8+ Kxd8 9. Nc3 Bd7 10. h3 h6 11. b3 Kc8 12. Bb2 b6 13. Rad1 Ne7 14. Nd4
c5 15. Nde2 Bf5 16. Rd2 Kb7 17. g4 Bc8 18. Ng3 g6 19. Nce4 Bg7 20. f4 h5 21. f5
gxf5 22. Nxf5 Nxf5 23. gxf5 Re8 24. Rd5 Ka6 25. Rf4 Bh6 26. Nf6 Bxf4 27. Nxe8
Kb7 28. Ng7 Be3+ 29. Kh2 Bf4+ 30. Kg1 Be3+ 31. Kg2 Bh6 32. e6 fxe6 33. Nxe6
Bxe6 34. fxe6 Re8 35. Rxh5 Rxe6 36. Kf3 a5 37. Be5 Bf8 38. h4 c4 39. bxc4 Be7
40. Ke4 Rc6 41. Kd4 Bf6 42. Bxf6 Rxf6 43. Ke3 Re6+ 44. Kf3 Re1 45. Rd5 Rh1 46.
h5 Rh2 47. Kg3 Rxc2 48. h6 Rc3+ 49. Kg4 Rxc4+ 50. Kg5 Re4 51. Rd8 Re5+ 52. Kf6
Rh5 53. Kg6 Rh2 54. h7 Kc6 55. h8=Q Rxh8 56. Rxh8 Kd5 57. Kf5 b5 58. Rd8+ Kc4
59. Ke4 a4 60. Rc8 Kc3 61. Rxc7+ Kb2 62. Rb7 Kxa2 63. Rxb5 a3 64. Kd3 Ka1 65.
Kc3 a2 66. Rh5 1-0

[Event "European Team-ch 2007"]
[Site "Crete GRE"]
[Date "2007.10.31"]
[Round "4.4"]
[White "Areshchenko, Alexander"]
[Black "Stanojoski, Zvonko"]
[Result "1/2-1/2"]
[WhiteElo "2638"]
[BlackElo "2467"]
[PlyCount "87"]
[EventDate "2007.10.28"]
[EventType "team"]
[EventRounds "9"]
[EventCountry "GRE"]
[Source "lmi"]
[SourceDate "2007.10.28"]
[WhiteTeam "Ukraine"]
[BlackTeam "Former Yugoslav Republic of Macedonia"]
[WhiteTeamCountry "UKR"]
[BlackTeamCountry "FRM"]

1. e4 c5 2. Nf3 Nc6 3. Bb5 g6 4. Bxc6 bxc6 5. O-O Bg7 6. Re1 Nf6 7. d3 O-O 8.
Nbd2 Ne8 9. e5 f6 10. Nc4 fxe5 11. Ncxe5 Qc7 12. Bg5 Nf6 13. Qd2 d6 14. Nc4 Bg4
15. Nh4 e5 16. f4 Rae8 17. fxe5 dxe5 18. Bh6 Bxh6 19. Qxh6 e4 20. Qg5 Be6 21.
Ne3 exd3 22. cxd3 Qd6 23. Rad1 Qd4 24. Nf3 Qxb2 25. Qxc5 Qb6 26. Rc1 Qxc5 27.
Rxc5 Bxa2 28. Rxc6 Nd5 29. Ra6 Nb4 30. Rxa7 Nxd3 31. Rd1 Rxe3 32. Rxa2 Ne5 33.
Nxe5 Rxe5 34. h3 Re7 35. Kh2 Kg7 36. Rd6 Rf6 37. Rxf6 Kxf6 38. Kg3 h5 39. Ra6+
Kf5 40. Ra5+ Kf6 41. Kf4 Re6 42. g4 hxg4 43. hxg4 Rb6 44. Ke4 1/2-1/2

[Event "European Team-ch 2007"]
[Site "Crete GRE"]
[Date "2007.10.31"]
[Round "4.5"]
[White "Aronian, Levon"]
[Black "Nielsen, Peter Heine"]
[Result "1/2-1/2"]
[WhiteElo "2741"]
[BlackElo "2626"]
[PlyCount "104"]
[EventDate "2007.10.28"]
[EventType "team"]
[EventRounds "9"]
[EventCountry "GRE"]
[Source "lmi"]
[SourceDate "2007.10.28"]
[WhiteTeam "Armenia"]
[BlackTeam "Denmark"]
[WhiteTeamCountry "ARM"]
[BlackTeamCountry "DEN"]

1. c4 Nf6 2. Nc3 c5 3. Nf3 d5 4. cxd5 Nxd5 5. e3 e6 6. d4 cxd4 7. exd4 Bb4 8.
Qc2 Nc6 9. a3 Be7 10. Bd3 h6 11. O-O O-O 12. Rd1 Bd7 13. Qe2 Re8 14. Bc2 Bf8
15. h4 Nxc3 16. bxc3 Qa5 17. Rb1 Qxc3 18. Rxb7 Rad8 19. Bb2 Qa5 20. Rxd7 Rxd7
21. Qe4 g6 22. Qxc6 Red8 23. Ne5 Rxd4 24. Bxd4 Rxd4 25. Nf3 Rxd1+ 26. Bxd1 Qxa3
27. g3 Qc5 28. Qa4 Qa3 29. Qc2 Qc5 30. Qe2 a5 31. Kg2 Qb4 32. Qa2 Qa3 33. Qc4
Qb4 34. Qc6 Qd6 35. Qa4 Qb4 36. Qe8 Qb7 37. Qd8 Qb4 38. Qe8 Qb7 39. Ba4 Kg7 40.
Qd8 Qb4 41. Be8 Be7 42. Qa8 Bc5 43. Bxf7 Kxf7 44. Ne5+ Kf6 45. f4 Qb2+ 46. Kh3
Qb1 47. Nd7+ Ke7 48. Ne5 Qf1+ 49. Kg4 Qd1+ 50. Kh3 Qf1+ 51. Kg4 Qd1+ 52. Kh3
Qf1+ 1/2-1/2

[Event "European Team-ch 2007"]
[Site "Crete GRE"]
[Date "2007.10.31"]
[Round "4.5"]
[White "Hansen, Lars Bo"]
[Black "Sargissian, Gabriel"]
[Result "1/2-1/2"]
[WhiteElo "2572"]
[BlackElo "2673"]
[PlyCount "50"]
[EventDate "2007.10.28"]
[EventType "team"]
[EventRounds "9"]
[EventCountry "GRE"]
[Source "lmi"]
[SourceDate "2007.10.28"]
[WhiteTeam "Denmark"]
[BlackTeam "Armenia"]
[WhiteTeamCountry "DEN"]
[BlackTeamCountry "ARM"]

1. d4 Nf6 2. c4 e6 3. Nc3 Bb4 4. e3 O-O 5. Nge2 d5 6. a3 Bd6 7. Ng3 c6 8. Be2
e5 9. cxd5 exd4 10. exd4 cxd5 11. O-O Nc6 12. Bf3 h6 13. Nge2 Bg4 14. Bxg4 Nxg4
15. Bf4 Nf6 16. Qd3 Re8 17. Rad1 Bxf4 18. Nxf4 Qd6 19. g3 Qd7 20. Rfe1 Rad8 21.
Ng2 Rxe1+ 22. Rxe1 Ne4 23. Nf4 Nf6 24. Ng2 Ne4 25. Nf4 Nf6 1/2-1/2

[Event "European Team-ch 2007"]
[Site "Crete GRE"]
[Date "2007.10.31"]
[Round "4.5"]
[White "Asrian, Karen"]
[Black "Hansen, Sune Berg"]
[Result "1/2-1/2"]
[WhiteElo "2623"]
[BlackElo "2564"]
[PlyCount "58"]
[EventDate "2007.10.28"]
[EventType "team"]
[EventRounds "9"]
[EventCountry "GRE"]
[Source "lmi"]
[SourceDate "2007.10.28"]
[WhiteTeam "Armenia"]
[BlackTeam "Denmark"]
[WhiteTeamCountry "ARM"]
[BlackTeamCountry "DEN"]

1. e4 e5 2. Nf3 Nc6 3. Bb5 a6 4. Ba4 d6 5. c3 f5 6. exf5 Bxf5 7. O-O Bd3 8. Re1
Be7 9. Bc2 Bxc2 10. Qxc2 Nf6 11. d4 e4 12. Ng5 d5 13. f3 h6 14. Nh3 O-O 15. Nd2
exf3 16. Nxf3 Rf7 17. Nf2 Bd6 18. Bd2 Qf8 19. Qg6 Ne7 20. Qd3 Qc8 21. Re2 Qf5
22. Qxf5 Nxf5 23. Rae1 Re7 24. Rxe7 Nxe7 25. Nd3 Ng6 26. Bc1 Ne4 27. Nd2 Nf6
28. Nf3 Ne4 29. Nd2 Nf6 1/2-1/2

[Event "European Team-ch 2007"]
[Site "Crete GRE"]
[Date "2007.10.31"]
[Round "4.6"]
[White "Cheparinov, Ivan"]
[Black "Palac, Mladen"]
[Result "1-0"]
[WhiteElo "2670"]
[BlackElo "2567"]
[PlyCount "107"]
[EventDate "2007.10.28"]
[EventType "team"]
[EventRounds "9"]
[EventCountry "GRE"]
[Source "lmi"]
[SourceDate "2007.10.28"]
[WhiteTeam "Bulgaria"]
[BlackTeam "Croatia"]
[WhiteTeamCountry "BUL"]
[BlackTeamCountry "CRO"]

1. e4 c5 2. Nf3 d6 3. d4 cxd4 4. Nxd4 Nf6 5. Nc3 a6 6. Be3 Ng4 7. Bg5 h6 8. Bh4
g5 9. Bg3 Bg7 10. h3 Ne5 11. Nf5 Bxf5 12. exf5 Nbc6 13. Nd5 e6 14. fxe6 fxe6
15. Ne3 Qe7 16. Be2 O-O-O 17. Bh5 d5 18. O-O Kb8 19. c3 Ka8 20. Qe2 d4 21. Ng4
Nd7 22. Rad1 Nc5 23. cxd4 Nxd4 24. Qc4 b5 25. Qb4 Nc6 26. Qa3 Kb7 27. Rc1 b4
28. Qe3 Rd5 29. Qe2 Rhd8 30. Ne3 Rd2 31. Qc4 Kb6 32. Qg4 R2d4 33. Qe2 R4d7 34.
Bg4 Nd4 35. Nc4+ Ka7 36. Qe3 h5 37. Bxh5 Nf5 38. Qe2 Nd3 39. Rc2 Qc5 40. Kh2
Nf4 41. Bxf4 gxf4 42. Ne3 Qe5 43. Nxf5 Qxe2 44. Rxe2 exf5 45. Rc1 Bf8 46. Bf3
Bd6 47. Re6 a5 48. h4 a4 49. h5 a3 50. bxa3 bxa3 51. Rc6 Kb8 52. Kh3 Ka7 53. h6
Kb8 54. Kh4 1-0

[Event "European Team-ch 2007"]
[Site "Crete GRE"]
[Date "2007.10.31"]
[Round "4.6"]
[White "Chatalbashev, Boris"]
[Black "Jankovic, Alojzije"]
[Result "1/2-1/2"]
[WhiteElo "2581"]
[BlackElo "2548"]
[PlyCount "75"]
[EventDate "2007.10.28"]
[EventType "team"]
[EventRounds "9"]
[EventCountry "GRE"]
[Source "lmi"]
[SourceDate "2007.10.28"]
[WhiteTeam "Bulgaria"]
[BlackTeam "Croatia"]
[WhiteTeamCountry "BUL"]
[BlackTeamCountry "CRO"]

1. d4 Nf6 2. c4 e6 3. Nf3 b6 4. Nc3 Bb4 5. Bg5 h6 6. Bh4 g5 7. Bg3 Ne4 8. Qc2
Bb7 9. e3 Bxc3+ 10. bxc3 d6 11. Bd3 f5 12. d5 Nd7 13. Bxe4 fxe4 14. Qxe4 Qf6
15. O-O Nc5 16. Qd4 Rf8 17. e4 Qg6 18. e5 O-O-O 19. Rfe1 h5 20. h4 gxh4 21.
Nxh4 Qf7 22. exd6 cxd6 23. dxe6 Nxe6 24. Qe3 Nc5 25. Rad1 Ne4 26. Qd4 Nxg3 27.
fxg3 Rg8 28. Rf1 Qc7 29. Nf5 Kb8 30. Kh2 Rg5 31. Qf6 Rdg8 32. Qxd6 Qxd6 33.
Rxd6 h4 34. Nxh4 Rxg3 35. Rf8+ Rxf8 36. Kxg3 Rc8 37. Rd4 Ba6 38. Nf5 1/2-1/2

[Event "European Team-ch 2007"]
[Site "Crete GRE"]
[Date "2007.10.31"]
[Round "4.7"]
[White "Carlsen, Magnus"]
[Black "Bacrot, Etienne"]
[Result "1/2-1/2"]
[WhiteElo "2714"]
[BlackElo "2695"]
[PlyCount "60"]
[EventDate "2007.10.28"]
[EventType "team"]
[EventRounds "9"]
[EventCountry "GRE"]
[Source "lmi"]
[SourceDate "2007.10.28"]
[WhiteTeam "Norway"]
[BlackTeam "France"]
[WhiteTeamCountry "NOR"]
[BlackTeamCountry "FRA"]

1. e4 e5 2. Nf3 Nc6 3. Bb5 a6 4. Ba4 Nf6 5. O-O Be7 6. Re1 b5 7. Bb3 O-O 8. a4
b4 9. d3 d6 10. Nbd2 Be6 11. Bxe6 fxe6 12. c3 Rb8 13. Nf1 bxc3 14. bxc3 Na5 15.
Ra2 c5 16. d4 exd4 17. cxd4 Nb3 18. dxc5 Nxc5 19. Ng3 Rb1 20. Qc2 Qb8 21. Rb2
Rxb2 22. Bxb2 Qb4 23. Bd4 Nfd7 24. Ra1 Rxf3 25. Bxc5 Rc3 26. Bxb4 Rxc2 27. Kf1
Kf7 28. f3 Ne5 29. Ne2 Nc4 30. Rc1 Rxc1+ 1/2-1/2

[Event "European Team-ch 2007"]
[Site "Crete GRE"]
[Date "2007.10.31"]
[Round "4.7"]
[White "Bauer, Christian"]
[Black "Hammer, Jon Ludvig"]
[Result "1/2-1/2"]
[WhiteElo "2634"]
[BlackElo "2402"]
[PlyCount "90"]
[EventDate "2007.10.28"]
[EventType "team"]
[EventRounds "9"]
[EventCountry "GRE"]
[Source "lmi"]
[SourceDate "2007.10.28"]
[WhiteTeam "France"]
[BlackTeam "Norway"]
[WhiteTeamCountry "FRA"]
[BlackTeamCountry "NOR"]

1. c4 Nf6 2. d4 e6 3. g3 d5 4. Nf3 Be7 5. Bg2 O-O 6. O-O dxc4 7. Qc2 a6 8. Qxc4
b5 9. Qc2 Bb7 10. Bd2 Bd6 11. Rd1 Nbd7 12. Ba5 Qb8 13. b4 e5 14. Nbd2 exd4 15.
Nxd4 Bxg2 16. Kxg2 c5 17. bxc5 Bxc5 18. N2f3 Qb7 19. Nf5 Rfe8 20. Rac1 b4 21.
Qb2 Qb5 22. Rxd7 Bf8 23. Rxf7 Qxf5 24. Qb3 Qe6 25. Rcc7 Qxb3 26. axb3 Rxe2 27.
Nd4 Ra2 28. Nc6 Ne8 29. Ra7 Rxa7 30. Rxa7 Bc5 31. Ra8 Rxf2+ 32. Kh3 Re2 33.
Bxb4 Bg1 34. g4 Kf7 35. Rxa6 Nc7 36. Ra1 Bxh2 37. Rf1+ Ke8 38. Nd4 Re4 39. Rf8+
Kd7 40. Rf7+ Ke8 41. Rf8+ Kd7 42. Bc5 Bg1 43. Rf7+ Ke8 44. Rxc7 Bxd4 45. Bxd4
Rxd4 1/2-1/2

[Event "European Team-ch 2007"]
[Site "Crete GRE"]
[Date "2007.10.31"]
[Round "4.8"]
[White "Navara, David"]
[Black "Damljanovic, Branko"]
[Result "1-0"]
[WhiteElo "2656"]
[BlackElo "2608"]
[PlyCount "67"]
[EventDate "2007.10.28"]
[EventType "team"]
[EventRounds "9"]
[EventCountry "GRE"]
[Source "lmi"]
[SourceDate "2007.10.28"]
[WhiteTeam "Czech Republic"]
[BlackTeam "SRB"]
[WhiteTeamCountry "CZE"]

1. e4 c5 2. Nf3 e6 3. d4 cxd4 4. Nxd4 a6 5. Nc3 Qc7 6. Bd3 Bc5 7. Nb3 Be7 8.
Qg4 g6 9. Qe2 d6 10. O-O Nd7 11. Kh1 b6 12. Bd2 Bb7 13. Rae1 h5 14. f4 h4 15.
Nd1 Ngf6 16. Nf2 e5 17. Nh3 exf4 18. Bxf4 Ne5 19. Nd2 Nh5 20. Be3 b5 21. c4 b4
22. Nf3 Bf6 23. b3 Bc8 24. Nhg5 Bxg5 25. Bxg5 Bg4 26. Qd2 Bxf3 27. gxf3 f6 28.
Be3 Ng3+ 29. hxg3 hxg3+ 30. Kg1 Rh2 31. Re2 Rh3 32. Kg2 Rh2+ 33. Kxg3 Rh5 34.
Kf2 1-0

[Event "European Team-ch 2007"]
[Site "Crete GRE"]
[Date "2007.10.31"]
[Round "4.8"]
[White "Miladinovic, Igor"]
[Black "Laznicka, Viktor"]
[Result "1-0"]
[WhiteElo "2603"]
[BlackElo "2610"]
[PlyCount "99"]
[EventDate "2007.10.28"]
[EventType "team"]
[EventRounds "9"]
[EventCountry "GRE"]
[Source "lmi"]
[SourceDate "2007.10.28"]
[WhiteTeam "SRB"]
[BlackTeam "Czech Republic"]
[BlackTeamCountry "CZE"]

1. d4 Nf6 2. c4 e6 3. Nc3 Bb4 4. g3 d5 5. Bg2 O-O 6. cxd5 exd5 7. Nf3 Re8 8.
O-O c6 9. Qc2 Nbd7 10. Bf4 Nb6 11. Rad1 Be6 12. Ne5 Rc8 13. h3 Bf8 14. g4 Bd6
15. e3 Qc7 16. Nd3 Bxf4 17. exf4 Ne4 18. f5 Nxc3 19. Qxc3 Bd7 20. b3 Re7 21. a4
Rce8 22. Rc1 a6 23. Qb4 Qd8 24. Rfe1 Bc8 25. Rxe7 Rxe7 26. a5 Na8 27. Bxd5 Bxf5
28. gxf5 cxd5 29. Rc8 Qxc8 30. Qxe7 h5 31. Ne5 Qxf5 32. Qxb7 Qg5+ 33. Kf1 Qc1+
34. Ke2 Qc2+ 35. Ke3 Nc7 36. Qc8+ Kh7 37. Nd3 g6 38. b4 Qc4 39. Qf8 Nb5 40.
Qxf7+ Kh6 41. Qf8+ Kh7 42. Qe7+ Kh6 43. Qf8+ Kh7 44. Qc5 Qb3 45. Qe7+ Kh6 46.
Qf6 Qc4 47. Qh8+ Kg5 48. h4+ Kxh4 49. Qe5 Kg4 50. Qf4+ 1-0

[Event "European Team-ch 2007"]
[Site "Crete GRE"]
[Date "2007.10.31"]
[Round "4.8"]
[White "Hracek, Zbynek"]
[Black "Markus, Robert"]
[Result "1-0"]
[WhiteElo "2598"]
[BlackElo "2586"]
[PlyCount "75"]
[EventDate "2007.10.28"]
[EventType "team"]
[EventRounds "9"]
[EventCountry "GRE"]
[Source "lmi"]
[SourceDate "2007.10.28"]
[WhiteTeam "Czech Republic"]
[BlackTeam "SRB"]
[WhiteTeamCountry "CZE"]

1. e4 c5 2. Nf3 e6 3. d4 cxd4 4. Nxd4 Nc6 5. Nc3 Qc7 6. g3 a6 7. Bg2 Nge7 8.
Nb3 Ng6 9. Qe2 Be7 10. h4 f6 11. f4 O-O 12. Be3 b5 13. O-O-O Rb8 14. Kb1 Bb4
15. Qd3 Na5 16. Nxa5 Bxa5 17. Ne2 Bb6 18. Bc1 Rf7 19. g4 Bb7 20. h5 Nf8 21. h6
g6 22. b3 Qc5 23. f5 Rc8 24. Rhf1 e5 25. g5 gxf5 26. Rxf5 Rc6 27. Bh3 fxg5 28.
Bxg5 Rg6 29. Bc1 Qe7 30. Rdf1 Rxf5 31. Bxf5 Rc6 32. Nc3 Rc8 33. Nd5 Bxd5 34.
Qxd5+ Kh8 35. Bb2 Re8 36. Bg4 d6 37. Rf7 Qh4 38. Qxd6 1-0

[Event "European Team-ch 2007"]
[Site "Crete GRE"]
[Date "2007.10.31"]
[Round "4.8"]
[White "Sedlak, Nikola"]
[Black "Babula, Vlastimil"]
[Result "1/2-1/2"]
[WhiteElo "2605"]
[BlackElo "2596"]
[PlyCount "85"]
[EventDate "2007.10.28"]
[EventType "team"]
[EventRounds "9"]
[EventCountry "GRE"]
[Source "lmi"]
[SourceDate "2007.10.28"]
[WhiteTeam "SRB"]
[BlackTeam "Czech Republic"]
[BlackTeamCountry "CZE"]

1. e4 c5 2. Nf3 d6 3. d4 cxd4 4. Nxd4 Nf6 5. Nc3 e6 6. g4 e5 7. Bb5+ Bd7 8.
Bxd7+ Qxd7 9. Nf5 h5 10. Bg5 Nh7 11. Bd2 hxg4 12. Nd5 Nc6 13. Qxg4 g6 14. Nfe3
Qxg4 15. Nxg4 Rc8 16. Bc3 f5 17. exf5 gxf5 18. Nge3 f4 19. Ng4 Kf7 20. O-O-O
Rg8 21. h3 Rg6 22. b4 Bg7 23. b5 Ne7 24. Nxe7 Kxe7 25. Bb4 Ng5 26. Rd5 Nf7 27.
Rhd1 Rh8 28. R5d3 Kd7 29. Ra3 Kc7 30. Ba5+ Kb8 31. Rc3 Rc8 32. Rcd3 Rh8 33. Bb4
Bf8 34. a4 Be7 35. a5 Rg5 36. c4 b6 37. Ra3 Rc8 38. Rc3 Rh5 39. Kb2 bxa5 40.
Bxa5 Ng5 41. Bb4 Ne4 42. Rc2 Rxh3 43. Re1 1/2-1/2